000 01216nam a2200313 i 4500
003 EG-GICUC
005 20260430122114.0
008 260430s1971 fre |||fr|||| 000 0 fre d
040 _aEG-GiCUC
_bfre
_cEG-GiCUC
_dEG-GiCUC
_eRda
041 _afre
_hfre
082 0 4 _221
_a342.511
_bBU . T
092 0 4 _221
099 _aLaw 342.511 BU . T 1971
100 1 _aBurdeau, Georges
_eAuteur
245 1 0 _aTraité De Science Politique :
_bL'État Libéral Et Les Téchniques Politiques De La Démocratie Gouvernée /
_cPar Georges Burdeau,
_nTome IX
_pLe Fondement Constitutionnel Et Les Formules Gouvernementales De La Démocratie Gouvernée
_nVolume II .
250 _aDeuxiéme édition
_b Revue et Augmentée
264 _aParis:
_bLibrairie générale de droit et de jurisprudence,
_c1971.
300 _a476 page ;
_c24 cm.
336 _2rda contenu
_a texte
337 _2rda medias
_aOrdinateur
338 _2 transporteur rda
_a Ressource en ligne
504 _aComprend des références bibliographiques.
546 _aTexte en français
650 1 _aDroit constitutionnel
651 1 _2qrmak
856 4 0 _uhttps://fll.law.cu.edu.eg/fulltext/bks/B08-04472.pdf
905 _a64
942 _2ddc
_cBK
_e21
_n0
999 _c74481
_d74481